Top 10 de Ligue 1 Depuis la saison 2015-2016 - Statistiques

Statistiques générales
  • Ce quiz a été pris 578 fois
  • Le résultat moyen est 76 sur 80
Statistiques - réponses
Hint Réponse % Correct
5 Marseille
100%
4 Marseille
100%
5 Marseille
100%
2 Marseille
100%
5 Marseille
100%
2 Marseille
100%
3 Marseille
100%
1 Paris
100%
2 Paris
100%
1 Paris
100%
1 Paris
100%
1 Paris
100%
2 Paris
100%
1 Paris
100%
1 Paris
100%
5 Lille
99%
2 Lille
99%
4 Lille
99%
1 Lille
99%
10 Lille
99%
5 Lille
99%
2 Lyon
99%
4 Lyon
99%
3 Lyon
99%
3 Lyon
99%
7 Lyon
99%
4 Lyon
99%
8 Lyon
99%
7 Lyon
99%
3 Monaco
99%
1 Monaco
99%
2 Monaco
99%
9 Monaco
99%
3 Monaco
99%
3 Monaco
99%
6 Monaco
99%
7 Lens
97%
7 Lens
97%
2 Lens
97%
8 Rennes
97%
9 Rennes
97%
5 Rennes
97%
10 Rennes
97%
3 Rennes
97%
6 Rennes
97%
4 Rennes
97%
4 Rennes
97%
6 Bordeaux
96%
6 Bordeaux
96%
4 Nice
96%
3 Nice
96%
8 Nice
96%
7 Nice
96%
5 Nice
96%
9 Nice
96%
5 Nice
96%
9 Nice
96%
6 Saint Etienne
95%
8 Saint Etienne
95%
7 Saint Etienne
95%
4 Saint Etienne
95%
7 Nantes
94%
9 Nantes
94%
9 Nantes
94%
10 Strasbourg
93%
6 Strasbourg
93%
10 Montpellier
92%
6 Montpellier
92%
8 Montpellier
92%
8 Montpellier
92%
8 Reims
86%
6 Reims
86%
10 Lorient
84%
9 Angers
79%
10 Metz
78%
8 Clermont
77%
7 Caen
70%
10 Bastia
67%
9 Nimes
66%
10 Guingamp
65%
Aucun quiz correspondant
Distribution des résultats
% des personnes avec chaque résultat
Percentile par nombre de réponses
Votre historique - résultats
Vous n’avez pas pris ce quiz